<?xml version="1.0" encoding="UTF-8"?>
<record
    xmlns:xsi="http://www.w3.org/2001/XMLSchema-instance"
    xsi:schemaLocation="http://www.loc.gov/MARC21/slim http://www.loc.gov/standards/marcxml/schema/MARC21slim.xsd"
    xmlns="http://www.loc.gov/MARC21/slim">

  <leader>00778cam a2200169 a 4500</leader>
  <controlfield tag="001">000000931</controlfield>
  <controlfield tag="005">20200929145439.0</controlfield>
  <controlfield tag="008">781106m19381899fr ab    d    000 0 fre c</controlfield>
  <datafield tag="040" ind1=" " ind2=" ">
    <subfield code="a">DO-SdBNP</subfield>
    <subfield code="b">spa</subfield>
    <subfield code="c">BNPHU</subfield>
  </datafield>
  <datafield tag="082" ind1=" " ind2=" ">
    <subfield code="a">230.3</subfield>
    <subfield code="b">D554t</subfield>
  </datafield>
  <datafield tag="245" ind1="0" ind2="0">
    <subfield code="a">Dictionnaire de th&#xE9;ologie catholique, contenant l'expos&#xE9; des doctrines de la th&#xE9;ologie catholique :</subfield>
    <subfield code="b">leurs preuves et leur histoire /</subfield>
    <subfield code="c">commenc&#xE9; sous la direction de A. Vacant, continu&#xE9; sous celle de E. Mangenot, avec le concours d'un grand nombre de collaborateurs.</subfield>
  </datafield>
  <datafield tag="260" ind1=" " ind2=" ">
    <subfield code="a">Par&#xED;s :</subfield>
    <subfield code="b">Letouzey et An&#xE9;,</subfield>
    <subfield code="c">1938.</subfield>
  </datafield>
  <datafield tag="300" ind1=" " ind2=" ">
    <subfield code="a">15 v. :</subfield>
    <subfield code="b">il., rets., ;</subfield>
    <subfield code="c">28 cm.</subfield>
  </datafield>
  <datafield tag="700" ind1="1" ind2=" ">
    <subfield code="a">Vacant, Alfred,</subfield>
    <subfield code="d">1852-1901,</subfield>
    <subfield code="e">ed.</subfield>
    <subfield code="9">3280</subfield>
  </datafield>
  <datafield tag="700" ind1="1" ind2=" ">
    <subfield code="a">Mangenot, E.</subfield>
    <subfield code="q">(Eug&#xE8;ne),</subfield>
    <subfield code="d">1856-1922,</subfield>
    <subfield code="e">ed.</subfield>
    <subfield code="9">3281</subfield>
  </datafield>
  <datafield tag="700" ind1="1" ind2=" ">
    <subfield code="a">Amann, Emile,</subfield>
    <subfield code="d">1880-1948,</subfield>
    <subfield code="e">ed.</subfield>
    <subfield code="9">3282</subfield>
  </datafield>
  <datafield tag="952" ind1=" " ind2=" ">
    <subfield code="0">0</subfield>
    <subfield code="1">0</subfield>
    <subfield code="5">4</subfield>
    <subfield code="7">0</subfield>
    <subfield code="a">GR</subfield>
    <subfield code="b">GR</subfield>
    <subfield code="c">HD</subfield>
    <subfield code="d">2009-06-12</subfield>
    <subfield code="i">LF1</subfield>
    <subfield code="l">0</subfield>
    <subfield code="o">230.3 D554t</subfield>
    <subfield code="p">931-10</subfield>
    <subfield code="r">2020-06-25</subfield>
    <subfield code="w">2020-06-25</subfield>
    <subfield code="y">4</subfield>
    <subfield code="Z">Pr&#xE9;stamo en sala</subfield>
  </datafield>
  <datafield tag="999" ind1=" " ind2=" ">
    <subfield code="c">922</subfield>
    <subfield code="d">922</subfield>
  </datafield>
</record>
